| LEADER | 00443nam a2200181Ia 4500 | ||
|---|---|---|---|
| 008 | 240829s9999 xx 000 0 und d | ||
| 040 | |a BIBLIOTECA-RUSB/ 531 O17, v.1 | ||
| 041 | |a spa | ||
| 082 | |a 531 O17, v.1 | ||
| 100 | 1 | |a Ocampo Canabal, Fernando | |
| 245 | 1 | 0 | |a Mecánica : estática |
| 260 | |a México |b Limusa |c 1976 | ||
| 300 | |a p. irreg. :il. | ||
| 650 | 7 | |a MECANICA | |
| 650 | 7 | |b ESTATICA | |
| 942 | |c BK |2 ddc | ||
| 991 | |a TEXTO | ||
| 999 | |c 2066 | ||